=LDR 00000nam 2200000 4500 =001 INLIS000000000012771 =005 20130612104247 =008 ***********************************Ind** =035 ##$$0010-061300000012771 =041 ##$$a Ind =082 ##$$a 612.654 =090 ##$$a 612.654, Hel t =100 ##$$a Hellbruge, Theoder =245 ##$$a 365 hari pertama perkembangan bayi sehat =260 ##$$a 1973 $b Jakarta =300 ##$$a 210 hlm., Ilus, 21 cm =650 ##$$a Bayi =650 ##$$a Perkembangan =700 ##$$a Iskarno, Rasfati =850 ##$$a NBPNMAT